000 00842nmm a2200301 a 4500
003 AR-BaBNM
005 20251128211014.0
008 195020s1998 ||||||||||||||000 | spa||
020 _a950-507-528-6
040 _cAR-BaBNM
245 1 0 _aEtica y economía
_beconomía de mercado, neoliberalismo y ética de la gratuidad
260 _aBuenos Aires
_bBonum
_c1998
300 0 _a497 p.
610 2 4 _aCompañia de Jesús
650 4 _aECONOMIA
650 4 _aMERCADOS
650 4 _aETICA CRISTIANA
650 4 _aTRABAJO
650 4 _aOCIO
651 4 _aAmérica Latina
653 _aNEOLIBERALISMO
653 _aGLOBALIZACION
700 1 _aScannone, Juan Carlos
_ecompilador
700 1 _aRemolina, G.
_ecompilador
710 2 _aEquipo Jesuita Latinoamericano de Reflexión Filosófica
942 _cBK
998 _cme-solo cat
999 _c17848
_d17848